[Event "EU-ch Hybrid U16"]
[Site "Tornelo INT"]
[Date "2021.10.15"]
[Round "5"]
[White "Bicer, Atakan Mert"]
[Black "Nikolov, Yavor"]
[Result "1/2-1/2"]
[WhiteElo "2375"]
[BlackElo "2178"]
[PlyCount "61"]
[EventDate "2021.10.15"]
[EventType "swiss"]
[EventRounds "9"]
[EventCountry "NET"]
[SourceTitle "EXT 2023"]
[Source "ChessBase"]
[SourceDate "2022.10.05"]
[SourceVersion "1"]
[SourceVersionDate "2022.10.05"]
[SourceQuality "1"]
[WhiteTeam "Turkey"]
[BlackTeam "Bulgaria"]
[WhiteTeamCountry "TUR"]
[BlackTeamCountry "BUL"]

1. e4 d5 2. exd5 Qxd5 3. Nc3 Qd6 4. d4 Nf6 5. Bd3 g6 6. Nge2 Bg7 7. Bf4 Qd8 8. Qd2 0-0 9. 0-0-0 Nc6 10. Bb5 Nb4 11. a3 Nbd5 12. Be5 c6 13. Bd3 b5 14. h4 h5 15. f3 b4 16. Nb1 Qb6 17. g4 Be6 18. Ng3 Rab8 19. a4 Nc3 20. Rdf1 Nxb1 21. Kxb1 b3 22. gxh5 bxc2+ 23. Qxc2 Nd5 24. Be4 Bxe5 25. dxe5 Qd4 26. Ne2 Qe3 27. Re1 Qa3 28. Kc1 Qe3+ 29. Kb1 Qa3 30. Kc1 Qe3+ 31. Kb1 1/2-1/2